| 000 | 00313nam a22001097a 4500 | ||
|---|---|---|---|
| 082 | _a669 PHY'P | ||
| 100 |
_aPIERRE, GEORGE R. S. T _958384 |
||
| 245 | _aPHYSICAL CHEMISTRY OF PROCESS METALLURGY METALLURGICAL SOCIETY CONFERENCE PART-1&2 | ||
| 250 | _aVOL-7 | ||
| 260 |
_aNEWYORK _bINTERSCIENCE _c1961 |
||
| 942 | _cBK | ||
| 999 |
_c568585 _d568585 |
||